Supply chain finance : (Record no. 103)
[ view plain ]
| 000 -LEADER | |
|---|---|
| fixed length control field | 01967cam a2200277 i 4500 |
| 003 - CONTROL NUMBER IDENTIFIER | |
| control field | BD-DhUIB |
| 005 - DATE AND TIME OF LATEST TRANSACTION | |
| control field | 20210601125158.0 |
| 008 - FIXED-LENGTH DATA ELEMENTS--GENERAL INFORMATION | |
| fixed length control field | 181001s2018 nyu b 001 0 eng |
| 020 ## - INTERNATIONAL STANDARD BOOK NUMBER | |
| International Standard Book Number | 9780749482404 (pbk.) |
| 020 ## - INTERNATIONAL STANDARD BOOK NUMBER | |
| Canceled/invalid ISBN | 9780749482411 (eISBN) |
| 020 ## - INTERNATIONAL STANDARD BOOK NUMBER | |
| Canceled/invalid ISBN | 9780749487782 |
| 040 ## - CATALOGING SOURCE | |
| Original cataloging agency | DLC |
| Language of cataloging | eng |
| Transcribing agency | DLC |
| Modifying agency | BD-DhUIB |
| 082 00 - DEWEY DECIMAL CLASSIFICATION NUMBER | |
| Classification number | 658.7 |
| Edition number | 23 |
| 100 1# - MAIN ENTRY--PERSONAL NAME | |
| Personal name | Tate, Wendy L , |
| Relator term | author. |
| 9 (RLIN) | 202 |
| 245 10 - TITLE STATEMENT | |
| Title | Supply chain finance : |
| Remainder of title | risk management, resilience and supplier management / |
| Statement of responsibility, etc. | by Wendy L Tate, Lydia Bals and Lisa M. Ellram. |
| 264 #1 - PRODUCTION, PUBLICATION, DISTRIBUTION, MANUFACTURE, AND COPYRIGHT NOTICE | |
| Place of production, publication, distribution, manufacture | New York, NY : |
| Name of producer, publisher, distributor, manufacturer | Kogan Page, |
| Date of production, publication, distribution, manufacture, or copyright notice | c2019. |
| 300 ## - PHYSICAL DESCRIPTION | |
| Extent | xii, 268p. : |
| Dimensions | 24 cm. |
| Other physical details | ill. ; |
| 504 ## - BIBLIOGRAPHY, ETC. NOTE | |
| Bibliography, etc. note | Includes bibliographical references and index. |
| 505 0# - FORMATTED CONTENTS NOTE | |
| Formatted contents note | Supply chain finance: solutions for financial sustainability, risk management and resilience in the supply chain -- SCF history and perspectives -- Supply chain finance (SCF) : history and future directions -- Suppliers, customers and firms' financial decisions -- Supply chain finance: definition, modern aspects and research challenges ahead -- SCF in action -- Optimizing cash flows for a retail supply chain coordinator -- Supply chain finance opportunities by managing payables discounts -- Mapping and managing the financial supply chain -- SCF in practice : case studies -- Supply chain finance and cyber risk : an illustrative case study -- Commodity risk management at bmw : price indices and contracts -- A business partner's view on decision-making challenges in the supply chain -- Scf in research : trends and future research areas -- Exploring fragmentation in the supply chain finance (SCF) ecosystem -- Foundational premises and value drivers of blockchain-driven supply chains: the trade finance experience -- Appendices -- Index. |
| 526 ## - STUDY PROGRAM INFORMATION NOTE | |
| Program name | BBA. |
| 650 #0 - SUBJECT ADDED ENTRY--TOPICAL TERM | |
| Topical term or geographic name entry element | Business logistics. |
| 9 (RLIN) | 203 |
| 650 #0 - SUBJECT ADDED ENTRY--TOPICAL TERM | |
| Topical term or geographic name entry element | Business enterprises |
| General subdivision | Finance. |
| 9 (RLIN) | 204 |
| 700 1# - ADDED ENTRY--PERSONAL NAME | |
| Personal name | Bals, Lydia, |
| Relator term | author. |
| 9 (RLIN) | 205 |
| 700 1# - ADDED ENTRY--PERSONAL NAME | |
| Personal name | Ellram, Lisa M., |
| Relator term | author. |
| 9 (RLIN) | 206 |
| 942 ## - ADDED ENTRY ELEMENTS (KOHA) | |
| Source of classification or shelving scheme | Dewey Decimal Classification |
| Koha item type | Books |
| Withdrawn status | Lost status | Source of classification or shelving scheme | Damaged status | Not for loan | Collection code | Home library | Current library | Shelving location | Date acquired | Source of acquisition | Total Checkouts | Full call number | Barcode | Date last seen | Copy number | Price effective from | Koha item type |
|---|---|---|---|---|---|---|---|---|---|---|---|---|---|---|---|---|---|
| Dewey Decimal Classification | Fiction | IBA Library | IBA Library | General Stacks | 10/29/2019 | Karim International | 658.5 T217s 2019 | 00051188 | 03/24/2021 | C-1 | 03/24/2021 | Books | |||||
| Dewey Decimal Classification | Fiction | IBA Library | IBA Library | General Stacks | 10/29/2019 | Karim International | 658.5 T217s 2019 | 00051189 | 03/24/2021 | C-2 | 03/24/2021 | Books |
